[Event "URU-ch sf"]
[Site "Montevideo"]
[Date "2024.02.11"]
[Round "4"]
[White "Caitano, Martin Joel"]
[Black "Rodriguez Farias, Eduardo"]
[Result "1-0"]
[WhiteElo "2097"]
[BlackElo "1836"]
[PlyCount "57"]
[EventDate "2024.02.09"]
[EventType "swiss"]
[EventRounds "7"]
[EventCountry "URU"]
[SourceTitle "CB08_2024"]
[SourceDate "2024.02.21"]
[SourceVersion "1"]
[SourceVersionDate "2024.02.21"]
[SourceQuality "1"]

1. d4 Nf6 2. c4 c5 3. d5 b5 4. cxb5 a6 5. b6 g6 6. Nc3 Bg7 7. e4 0-0 8. Nf3 d6 9. h3 Qxb6 10. Be2 a5 11. Nd2 Ba6 12. 0-0 Nbd7 13. a4 Ne8 14. Nb5 Ne5 15. f4 c4+ 16. Kh2 Bxb5 17. axb5 c3 18. bxc3 Nd7 19. Nc4 Qc7 20. Be3 Bxc3 21. Rc1 Bg7 22. Nb6 Qa7 23. Nxd7 Qxd7 24. Qa4 Nf6 25. Rc6 Rfb8 26. Rfc1 Rb7 27. b6 e6 28. Bb5 Qd8 29. Ba6 1-0

[Event "URU-ch sf"]
[Site "Montevideo"]
[Date "2024.02.09"]
[Round "1"]
[White "Rodriguez Farias, Eduardo"]
[Black "Moreno Garcia, David"]
[Result "1-0"]
[WhiteElo "1836"]
[BlackElo "1258"]
[PlyCount "87"]
[EventDate "2024.02.09"]
[EventType "swiss"]
[EventRounds "7"]
[EventCountry "URU"]
[SourceTitle "CB08_2024"]
[SourceDate "2024.02.21"]
[SourceVersion "1"]
[SourceVersionDate "2024.02.21"]
[SourceQuality "1"]

1. e4 c5 2. Nf3 Nc6 3. c3 d5 4. exd5 Qxd5 5. d4 Bg4 6. dxc5 Qxd1+ 7. Kxd1 e5 8. b4 0-0-0+ 9. Kc2 Bf5+ 10. Kb2 Rd1 11. Be3 e4 12. Nfd2 Bg4 13. Nxe4 Rd7 14. Bb5 Be7 15. Na3 Nf6 16. Ng5 Bh5 17. Bxc6 bxc6 18. Nc4 Ng4 19. Ne4 Nxe3 20. fxe3 Be2 21. Ne5 Rc7 22. Nxf7 Rf8 23. Nfd6+ Bxd6 24. Nxd6+ Kb8 25. Kb3 Re7 26. e4 Rf2 27. Rhg1 Bd3 28. Rae1 Bc2+ 29. Ka3 Rf6 30. Re3 Rfe6 31. Rge1 Kc7 32. Kb2 Ba4 33. e5 g6 34. h3 Bb5 35. c4 Ba6 36. Kc3 Bb7 37. Kd4 a6 38. g4 h6 39. h4 Rd7 40. g5 h5 41. Rf1 Rd8 42. Rf7+ Rd7 43. Rxd7+ Kxd7 44. Nxb7 1-0

[Event "Florianopolis op 10th"]
[Site "Florianopolis"]
[Date "2024.01.24"]
[Round "6"]
[White "Rodriguez Farias, Eduardo"]
[Black "Carvalho, Guillermo"]
[Result "1/2-1/2"]
[WhiteElo "1829"]
[BlackElo "2149"]
[PlyCount "20"]
[EventDate "2024.01.20"]
[EventType "swiss"]
[EventRounds "10"]
[EventCountry "BRA"]
[SourceTitle "CB05_2024"]
[SourceDate "2024.01.31"]
[SourceVersion "1"]
[SourceVersionDate "2024.01.31"]
[SourceQuality "1"]

1. e4 Nf6 2. e5 Nd5 3. d4 d6 4. c4 Nb6 5. exd6 exd6 6. h3 Bf5 7. Nf3 Be7 8. Be2 0-0 9. 0-0 Nc6 10. Nc3 h6 1/2-1/2

[Event "URU-chT"]
[Site "Montevideo"]
[Date "2023.07.23"]
[Round "4.4"]
[White "Donatti, Sofia"]
[Black "Rodriguez Farias, Eduardo"]
[Result "0-1"]
[WhiteElo "1795"]
[BlackElo "1825"]
[PlyCount "70"]
[EventDate "2023.07.21"]
[EventType "team-tourn"]
[EventRounds "5"]
[EventCountry "URU"]
[SourceTitle "CBM 215 Extra"]
[Source "ChessBase"]
[SourceDate "2023.09.30"]
[SourceVersion "1"]
[SourceVersionDate "2023.09.30"]
[SourceQuality "1"]
[WhiteTeam "Olimpiada 2024"]
[BlackTeam "Mijail Tal"]
[WhiteTeamCountry "URU"]
[BlackTeamCountry "URU"]

1. e4 c5 2. Nf3 Nc6 3. d4 cxd4 4. Nxd4 Nf6 5. Nc3 e5 6. Ndb5 d6 7. Bg5 a6 8. Na3 b5 9. Nd5 Qa5+ 10. Bd2 Qd8 11. Bd3 Nxd5 12. exd5 Ne7 13. 0-0 f5 14. c4 g6 15. cxb5 Bg7 16. bxa6 0-0 17. Qc2 Kh8 18. Bg5 h6 19. Bxe7 Qxe7 20. Qe2 e4 21. Rfc1 Qe5 22. Bxe4 Qxe4 23. Qxe4 fxe4 24. Nc4 Bxa6 25. Nxd6 Bd3 26. Rc7 Rad8 27. Nf7+ Rxf7 28. Rxf7 Bxb2 29. Re1 Rxd5 30. Rb7 Bd4 31. Rc1 Rd8 32. a4 Rf8 33. Kh1 Bxf2 34. Rcc7 Bd4 35. h4 Rf1+ 0-1

[Event "URU-ch sf2"]
[Site "Colonia del Sacramento"]
[Date "2023.02.20"]
[Round "6"]
[White "Rodriguez Farias, Eduardo"]
[Black "Alvarez, Mateo"]
[Result "1-0"]
[WhiteElo "1901"]
[BlackElo "1877"]
[PlyCount "35"]
[EventDate "2023.02.17"]
[EventType "swiss"]
[EventRounds "7"]
[EventCountry "URU"]
[SourceTitle "CBM 213 Extra"]
[Source "ChessBase"]
[SourceDate "2023.05.31"]
[SourceVersion "1"]
[SourceVersionDate "2023.05.31"]
[SourceQuality "1"]

1. e4 c5 2. c3 Nf6 3. e5 Nd5 4. d4 cxd4 5. cxd4 Nc6 6. Nf3 d6 7. Bc4 Nb6 8. Bb3 dxe5 9. d5 Nd4 10. Nxd4 exd4 11. Qxd4 e6 12. Nc3 Nxd5 13. Nxd5 exd5 14. 0-0 Be7 15. Qxg7 Rf8 16. Re1 Be6 17. Ba4+ Bd7 18. Bh6 1-0

[Event "URU-ch sf2"]
[Site "Colonia del Sacramento"]
[Date "2023.02.19"]
[Round "5"]
[White "Moreno, Diego"]
[Black "Rodriguez Farias, Eduardo"]
[Result "1/2-1/2"]
[WhiteElo "1829"]
[BlackElo "1901"]
[PlyCount "56"]
[EventDate "2023.02.17"]
[EventType "swiss"]
[EventRounds "7"]
[EventCountry "URU"]
[SourceTitle "CBM 213 Extra"]
[Source "ChessBase"]
[SourceDate "2023.05.31"]
[SourceVersion "1"]
[SourceVersionDate "2023.05.31"]
[SourceQuality "1"]

1. e4 c5 2. Nf3 Nc6 3. d4 cxd4 4. Nxd4 Nf6 5. Nc3 e5 6. Ndb5 d6 7. Bg5 a6 8. Na3 b5 9. Nd5 Be7 10. Bxf6 Bxf6 11. c3 Ne7 12. Nc2 Nxd5 13. Qxd5 Ra7 14. Nb4 Bb7 15. Qd3 0-0 16. Nd5 Bxd5 17. Qxd5 Be7 18. g3 Qa8 19. Qxa8 Raxa8 20. Bh3 a5 21. 0-0 b4 22. cxb4 axb4 23. a4 bxa3 24. Rxa3 Rxa3 25. bxa3 Ra8 26. Ra1 Ra4 27. f3 Bd8 28. Bd7 Bb6+ 1/2-1/2

[Event "URU-ch sf2"]
[Site "Colonia del Sacramento"]
[Date "2023.02.19"]
[Round "4"]
[White "Rodriguez Farias, Eduardo"]
[Black "Martello, Benjamin"]
[Result "1-0"]
[WhiteElo "1901"]
[BlackElo "1685"]
[PlyCount "183"]
[EventDate "2023.02.17"]
[EventType "swiss"]
[EventRounds "7"]
[EventCountry "URU"]
[SourceTitle "CBM 213 Extra"]
[Source "ChessBase"]
[SourceDate "2023.05.31"]
[SourceVersion "1"]
[SourceVersionDate "2023.05.31"]
[SourceQuality "1"]

1. e4 c5 2. Nf3 Nc6 3. c3 Nf6 4. e5 Nd5 5. d4 cxd4 6. cxd4 d6 7. Bc4 e6 8. 0-0 dxe5 9. dxe5 Be7 10. a3 0-0 11. Re1 Qb6 12. Nc3 Nxc3 13. bxc3 Qc5 14. Qe2 Na5 15. Bd3 Qxc3 16. Bd2 Qc5 17. Qe4 g6 18. Rac1 Qb6 19. Bg5 Bxa3 20. Rb1 Qc7 21. Bf6 Nc6 22. Qh4 Rd8 23. Ng5 h5 24. Bxg6 fxg6 25. Qe4 Ne7 26. Bxe7 Qxe7 27. Qxg6+ Qg7 28. Qxh5 Be7 29. Rb3 Bd7 30. Ne4 Be8 31. Qh3 Bg6 32. Qxe6+ Qf7 33. Qg4 Qf5 34. Qg3 Qxe4 35. Rbe3 Bh4 36. Qh3 Rd3 37. Qe6+ Bf7 38. Qxf7+ Kxf7 39. Rxe4 Be7 40. e6+ Kf6 41. Rf4+ Kg5 42. Rf7 Bb4 43. h4+ Kg6 44. Re4 Rd1+ 45. Kh2 Bd6+ 46. g3 b5 47. Rg4+ Kh6 48. Rf6+ Kh7 49. Rf7+ Kh6 50. Rf6+ Kh7 51. Rg5 b4 52. Rf7+ Kh6 53. Kh3 Re1 54. Rf6+ Kh7 55. Kg4 Rg8 56. Rf7+ Kh8 57. f4 Rxe6 58. Kf5 Rh6 59. Rxa7 Rh7 60. Ra6 Rb8 61. Rxd6 b3 62. Rd1 b2 63. Rb1 Ra7 64. Kg4 Ra1 65. Rh5+ Kg7 66. Rg5+ Kf7 67. Rf5+ Ke6 68. Re5+ Kd6 69. Ree1 Rba8 70. h5 Rg8+ 71. Kf5 Ra5+ 72. Re5 Raa8 73. Rxb2 Raf8+ 74. Ke4 Rxg3 75. Rd2+ Kc6 76. h6 Rh3 77. Re6+ Kc7 78. f5 Rh4+ 79. Ke5 Rh5 80. Rf2 Kd7 81. Rd6+ Ke7 82. Re6+ Kd7 83. Rd2+ Kc7 84. Rf6 Re8+ 85. Kf4 Rh1 86. Rf7+ Kc6 87. h7 Rf1+ 88. Kg5 Rg1+ 89. Kf6 Rh1 90. Rg2 Kd6 91. Rg8 Rh6+ 92. Kg7 1-0

[Event "URU-ch sf2"]
[Site "Colonia del Sacramento"]
[Date "2023.02.18"]
[Round "2"]
[White "Rodriguez Farias, Eduardo"]
[Black "Vassallo, Mariano"]
[Result "1/2-1/2"]
[WhiteElo "1901"]
[BlackElo "1615"]
[PlyCount "130"]
[EventDate "2023.02.17"]
[EventType "swiss"]
[EventRounds "7"]
[EventCountry "URU"]
[SourceTitle "CBM 213 Extra"]
[Source "ChessBase"]
[SourceDate "2023.05.31"]
[SourceVersion "1"]
[SourceVersionDate "2023.05.31"]
[SourceQuality "1"]

1. e4 e5 2. Nf3 Nc6 3. Bc4 Bc5 4. d4 Bxd4 5. Nxd4 Nxd4 6. Be3 Nc6 7. Nc3 Nf6 8. g4 d6 9. f3 Be6 10. Nd5 Ne7 11. Qd3 Ng6 12. 0-0-0 Nxd5 13. exd5 Bd7 14. Qd2 Qf6 15. Rhf1 Nf4 16. Bxf4 Qxf4 17. Qxf4 exf4 18. Rde1+ Kf8 19. h4 f6 20. g5 fxg5 21. hxg5 h6 22. Rh1 Kf7 23. g6+ Kf6 24. Re4 Rhf8 25. Rg1 Rae8 26. Rxf4+ Ke7 27. Re4+ Kd8 28. Rxe8+ Kxe8 29. Re1+ Kd8 30. Re3 Rf4 31. Bd3 Bf5 32. Bb5 Bxg6 33. Kd2 a6 34. Be2 Rf5 35. c4 Re5 36. Rb3 b6 37. f4 Rf5 38. Rg3 Rf6 39. Ke3 Ke8 40. Bg4 Kf8 41. b4 Bb1 42. a4 Ba2 43. Be6 Bxc4 44. f5 Bb3 45. a5 bxa5 46. bxa5 Bc4 47. Kd4 Bb5 48. Rc3 g6 49. Rxc7 gxf5 50. Ke3 f4+ 51. Kf3 h5 52. Rc8+ Kg7 53. Rd8 Rf8 54. Rxd6 h4 55. Rb6 Rh8 56. Bh3 Rd8 57. d6 Kf6 58. Kxf4 Bd7 59. Bxd7 Rxd7 60. Kg4 Ke6 61. Rxa6 Rxd6 62. Ra8 Kd5 63. a6 Kc6 64. Rb8 Rd4+ 65. Kh3 Ra4 1/2-1/2

[Event "Montevideo Duchamp Cup 6th"]
[Site "Montevideo"]
[Date "2023.02.09"]
[Round "7"]
[White "Rodriguez Farias, Eduardo"]
[Black "Agrasot, Antonio"]
[Result "1-0"]
[WhiteElo "1901"]
[BlackElo "1526"]
[PlyCount "45"]
[EventDate "2023.02.03"]
[EventType "swiss"]
[EventRounds "9"]
[EventCountry "URU"]
[SourceTitle "CBM 212 Extra"]
[Source "ChessBase"]
[SourceDate "2023.03.31"]
[SourceVersion "1"]
[SourceVersionDate "2023.03.31"]
[SourceQuality "1"]

1. e4 c6 2. d4 d5 3. exd5 cxd5 4. c4 e6 5. Nf3 Nf6 6. Nc3 Be7 7. cxd5 exd5 8. Bd3 0-0 9. Ne5 Nc6 10. Be3 Re8 11. 0-0 a6 12. Rc1 Bd7 13. Bb1 Rc8 14. h3 g6 15. a3 Na5 16. Qf3 Bc6 17. Rfd1 Nc4 18. Nxc4 dxc4 19. d5 Bd7 20. Bg5 Nxd5 21. Bxe7 Nxe7 22. Ne4 Nf5 23. Rxd7 1-0

[Event "Florianopolis op 9th"]
[Site "Florianopolis"]
[Date "2023.01.26"]
[Round "5"]
[White "Da Cruz, Emerson"]
[Black "Rodriguez Farias, Eduardo"]
[Result "0-1"]
[WhiteElo "1615"]
[BlackElo "1919"]
[PlyCount "90"]
[EventDate "2023.01.23"]
[EventType "swiss"]
[EventRounds "10"]
[EventCountry "BRA"]
[SourceTitle "CBM 212 Extra"]
[Source "ChessBase"]
[SourceDate "2023.03.31"]
[SourceVersion "1"]
[SourceVersionDate "2023.03.31"]
[SourceQuality "1"]

1. d4 Nf6 2. c4 c5 3. d5 b5 4. cxb5 a6 5. bxa6 g6 6. Nc3 Bg7 7. e4 d6 8. Nf3 0-0 9. Be2 Qa5 10. 0-0 Bxa6 11. Re1 Nbd7 12. a4 Rfb8 13. Bxa6 Qxa6 14. h3 Ne8 15. Qe2 Qxe2 16. Rxe2 Nc7 17. Ra2 Na6 18. Nd2 Nb4 19. Ra1 Ne5 20. f4 Nc2 21. Rb1 Nd3 22. Nc4 Nd4 23. Re3 Nxf4 24. g3 Nxh3+ 25. Kg2 Ng5 26. a5 h6 27. Na4 Nh7 28. Bd2 Nf6 29. Nab6 Ra7 30. b4 cxb4 31. Bxb4 Nc2 32. Re2 Nxb4 33. Rxb4 Nd7 34. Rb5 Bd4 35. Rc2 Ne5 36. Nxe5 Bxe5 37. Rc4 Kg7 38. Kf3 h5 39. g4 h4 40. g5 h3 41. Rc8 h2 42. Kg2 Rxc8 43. Nxc8 Rc7 44. Rb1 Rxc8 45. a6 Rc2+ 0-1

[Event "Florianopolis op 9th"]
[Site "Florianopolis"]
[Date "2023.01.25"]
[Round "4"]
[White "Rodriguez Farias, Eduardo"]
[Black "Fernandini, Felipe Piacente"]
[Result "1-0"]
[WhiteElo "1919"]
[BlackElo "1451"]
[PlyCount "117"]
[EventDate "2023.01.23"]
[EventType "swiss"]
[EventRounds "10"]
[EventCountry "BRA"]
[SourceTitle "CBM 212 Extra"]
[Source "ChessBase"]
[SourceDate "2023.03.31"]
[SourceVersion "1"]
[SourceVersionDate "2023.03.31"]
[SourceQuality "1"]

1. e4 c5 2. d3 Nc6 3. Nf3 Nf6 4. g3 d6 5. Bg2 e6 6. 0-0 Be7 7. Re1 Qc7 8. Nbd2 0-0 9. h4 e5 10. Nh2 h5 11. Ndf1 Be6 12. Bg5 Ng4 13. Bf3 Nd4 14. Bxg4 Bxg4 15. Nxg4 hxg4 16. Qxg4 Nxc2 17. Ne3 Nxe3 18. Bxe3 Qc8 19. Qf3 Qh3 20. Qg2 Qxg2+ 21. Kxg2 b5 22. Kf3 a5 23. Ke2 f5 24. exf5 Rxf5 25. g4 Rf7 26. g5 g6 27. Rh1 Rh7 28. Kf3 d5 29. Rac1 c4 30. dxc4 bxc4 31. Rcd1 d4 32. Bc1 Kf7 33. Kg4 Ke6 34. f4 Bd6 35. Rhe1 Rah8 36. Rh1 Bc5 37. Rde1 Bd6 38. fxe5 Bc5 39. Bf4 d3 40. Bg3 Bd4 41. Rhf1 Rf7 42. Rf6+ Ke7 43. Rc6 Bxb2 44. Rxc4 Rd8 45. e6 Rf5 46. Rc7+ Ke8 47. h5 Rd4+ 48. Kh3 Rxg5 49. e7 Rxh5+ 50. Kg2 Rd8 51. exd8Q+ Kxd8 52. Rb7 Bc3 53. Rf1 Bb4 54. Be1 Rg5+ 55. Kh3 Bd6 56. Rb3 Rd5 57. Bd2 Kd7 58. Rf3 Rh5+ 59. Kg4 1-0

[Event "URU-ch sf"]
[Site "Montevideo"]
[Date "2022.02.27"]
[Round "4"]
[White "Arean, Martin"]
[Black "Rodriguez Farias, Eduardo"]
[Result "1/2-1/2"]
[WhiteElo "2038"]
[BlackElo "1931"]
[PlyCount "34"]
[EventDate "2022.02.26"]
[EventType "swiss"]
[EventRounds "7"]
[EventCountry "URU"]
[SourceTitle "CBM 207 Extra"]
[Source "ChessBase"]
[SourceDate "2022.05.31"]
[SourceVersion "1"]
[SourceVersionDate "2022.05.31"]
[SourceQuality "1"]

1. d4 Nf6 2. Nf3 g6 3. c4 c5 4. d5 b5 5. cxb5 a6 6. b6 Bg7 7. Nc3 0-0 8. g3 d6 9. Bg2 Qxb6 10. 0-0 e5 11. e4 Bg4 12. Qc2 Bxf3 13. Bxf3 Nbd7 14. Be3 Rab8 15. Rab1 Qb7 16. a3 Qb3 17. Qxb3 Rxb3 1/2-1/2

[Event "Montevideo Duchamp Cup 5th"]
[Site "Montevideo"]
[Date "2022.02.15"]
[Round "5"]
[White "Rodriguez Farias, Eduardo"]
[Black "Areeb, Jazy"]
[Result "1-0"]
[WhiteElo "1931"]
[BlackElo "1665"]
[PlyCount "57"]
[EventDate "2022.02.12"]
[EventType "swiss"]
[EventRounds "9"]
[EventCountry "URU"]
[SourceTitle "CBM 206 Extra"]
[Source "ChessBase"]
[SourceDate "2022.03.31"]
[SourceVersion "1"]
[SourceVersionDate "2022.03.31"]
[SourceQuality "1"]

1. e4 c5 2. Nf3 d6 3. d4 cxd4 4. Nxd4 Nf6 5. Nc3 a6 6. f4 e5 7. Nf3 Qc7 8. f5 b5 9. Bg5 Nbd7 10. Bd3 Be7 11. Qe2 Bb7 12. g4 Nxg4 13. Bxe7 Kxe7 14. Rg1 Ndf6 15. h3 Nh6 16. Rxg7 Nh5 17. Qg2 Kf8 18. f6 Nxf6 19. 0-0-0 Rg8 20. Rxg8+ Nfxg8 21. Rg1 f6 22. Nd5 Bxd5 23. exd5 Qf7 24. Be4 Ke7 25. Qd2 a5 26. Qe3 f5 27. Ng5 f4 28. Qb6 Qf8 29. Qb7+ 1-0

[Event "Montevideo Crysol op 4th"]
[Site "Montevideo"]
[Date "2021.11.14"]
[Round "5"]
[White "Jasper, Nicolas"]
[Black "Rodriguez Farias, Eduardo"]
[Result "0-1"]
[WhiteElo "1648"]
[BlackElo "1942"]
[PlyCount "140"]
[EventDate "2021.11.12"]
[EventType "swiss"]
[EventRounds "5"]
[EventCountry "URU"]
[SourceTitle "CBM 205 Extra"]
[Source "ChessBase"]
[SourceDate "2022.01.31"]
[SourceVersion "1"]
[SourceVersionDate "2022.01.31"]
[SourceQuality "1"]

1. d4 Nf6 2. Bf4 g6 3. Nf3 Bg7 4. e3 d6 5. Nbd2 c5 6. c3 0-0 7. Bc4 Nbd7 8. h3 b5 9. Bxb5 Rb8 10. Bxd7 Qxd7 11. b3 Nd5 12. Rc1 Nxf4 13. exf4 Ba6 14. Nf1 Qf5 15. Qd2 cxd4 16. Nxd4 Qe4+ 17. Ne3 Qxf4 18. Ne2 Bxe2 19. Qxe2 Rbc8 20. 0-0 Qe5 21. c4 e6 22. Rcd1 Rfd8 23. Rfe1 Qa5 24. Rd3 d5 25. cxd5 exd5 26. Red1 d4 27. Nc4 Qc5 28. Re1 Rc7 29. Qe4 Bf6 30. Qf4 Kg7 31. Rf3 Bg5 32. Qe4 Re7 33. Qb1 Rde8 34. Rxe7 Qxe7 35. Qd3 Bf6 36. Qd2 Qc5 37. Rd3 Re6 38. Qa5 Qxa5 39. Nxa5 Re1+ 40. Kh2 Rc1 41. Nc4 Rc3 42. Rd1 Rc2 43. Rd2 d3 44. Rxd3 Rxa2 45. Kg3 h5 46. Kf3 Be7 47. Rd7 Bc5 48. Rd2 Rxd2 49. Nxd2 Kf8 50. Ne4 Bd4 51. Ke2 Ke7 52. Kd3 Bb6 53. f3 f5 54. Nc3 Ke6 55. Kc4 Ke5 56. Ne2 h4 57. Kd3 Ba5 58. Nd4 Be1 59. Ke3 Bf2+ 60. Kxf2 Kxd4 61. g3 hxg3+ 62. Kxg3 Kc3 63. Kf4 Kxb3 64. Kg5 a5 65. Kxg6 a4 66. Kxf5 a3 67. h4 a2 68. h5 a1Q 69. h6 Kc4 70. h7 Qb1+ 0-1

[Event "Montevideo Crysol op 4th"]
[Site "Montevideo"]
[Date "2021.11.14"]
[Round "4"]
[White "Toledo, Javier"]
[Black "Rodriguez Farias, Eduardo"]
[Result "1/2-1/2"]
[WhiteElo "1811"]
[BlackElo "1942"]
[PlyCount "273"]
[EventDate "2021.11.12"]
[EventType "swiss"]
[EventRounds "5"]
[EventCountry "URU"]
[SourceTitle "CBM 205 Extra"]
[Source "ChessBase"]
[SourceDate "2022.01.31"]
[SourceVersion "1"]
[SourceVersionDate "2022.01.31"]
[SourceQuality "1"]

1. d4 c5 2. d5 d6 3. c4 Nf6 4. Nc3 g6 5. e4 Bg7 6. Be2 b5 7. cxb5 a6 8. Nf3 0-0 9. 0-0 axb5 10. Bxb5 Ba6 11. Re1 Qa5 12. Bxa6 Nxa6 13. h3 Nd7 14. Bd2 Qb6 15. Rb1 Nb4 16. Na4 Qa6 17. Bxb4 Qxa4 18. Qxa4 Rxa4 19. Bc3 Rxa2 20. e5 Nb6 21. Rbd1 Na4 22. exd6 exd6 23. Bxg7 Kxg7 24. b3 Nc3 25. Rd3 Ne2+ 26. Kf1 Nf4 27. Rdd1 Rb8 28. Re4 Nh5 29. g4 Nf6 30. Re3 Rb2 31. Rdd3 h6 32. Nd2 Rb6 33. Nc4 Rb1+ 34. Kg2 Ra6 35. Re7 Kf8 36. Rc7 Ne4 37. Rf3 f5 38. gxf5 g5 39. Re3 Nf6 40. Re6 Nxd5 41. Rc8+ Kg7 42. Ree8 Nf4+ 43. Kf3 Rxb3+ 44. Ne3 Kf6 45. Rf8+ Ke5 46. f6 Ra2 47. Rce8+ Ne6 48. f7 Kf6 49. Rh8 Kxf7 50. Rc8 d5 51. Kg4 d4 52. Nf5 Nf4 53. Nxh6+ Ke6 54. Kxg5 Nxh3+ 55. Kh4 Kd5 56. Rhd8+ Kc4 57. Ng4 Nxf2 58. Ne5+ Kb4 59. Rb8+ Kc3 60. Rbc8 Ne4 61. Kg4 Rf2 62. Nf3 Kc2 63. Nxd4+ Kb2 64. Nxb3 Kxb3 65. Rd3+ Kb4 66. Re3 Nd6 67. Rb8+ Kc4 68. Rb6 Kd4 69. Ra3 Nc4 70. Ra4 Kd5 71. Rb8 Ne5+ 72. Kg3 Rf3+ 73. Kg2 Rf7 74. Re8 Nc6 75. Rc8 Rf6 76. Ra6 c4 77. Ra1 c3 78. Rd1+ Kc4 79. Rh8 c2 80. Rh4+ Kc3 81. Rc1 Kb2 82. Rhh1 Ne5 83. Rce1 Nd3 84. Re8 Rc6 85. Rb8+ Kc3 86. Rd8 Nb2 87. Kf3 Rf6+ 88. Ke2 Re6+ 89. Kf3 Nd3 90. Rc8+ Kd2 91. Rh2+ Kd1 92. Rh1+ Ne1+ 93. Kf2 Rf6+ 94. Kg3 Rg6+ 95. Kf2 Rg2+ 96. Ke3 Re2+ 97. Kf4 Kd2 98. Rxc2+ Kxc2 99. Rh8 Nd3+ 100. Kf3 Kd2 101. Rd8 Re7 102. Ra8 Re3+ 103. Kg4 Ke2 104. Ra2+ Kf1 105. Ra1+ Ne1 106. Kf4 Re8 107. Kf5 Ke2 108. Ra2+ Ke3 109. Ra3+ Nd3 110. Kf6 Kd4 111. Kf7 Re1 112. Ra4+ Kd5 113. Ra3 Nc5 114. Ra2 Re3 115. Kg6 Rf3 116. Rd2+ Ke5 117. Re2+ Ne4 118. Ra2 Ke6 119. Ra6+ Nd6 120. Kg5 Rf8 121. Kg4 Ke5 122. Ra5+ Kd4 123. Ra4+ Nc4 124. Kg5 Kd5 125. Ra1 Ne3 126. Ra5+ Ke4 127. Ra4+ Ke5 128. Ra5+ Nd5 129. Kg4 Ke4 130. Ra4+ Kd3 131. Ra3+ Nc3 132. Kg5 Kd4 133. Ra7 Ne4+ 134. Kg4 Nf2+ 135. Kg3 Ke3 136. Ra3+ Nd3 137. Kh4 1/2-1/2

[Event "Montevideo Trebejos op 08"]
[Site "Montevideo"]
[Date "2021.08.22"]
[Round "4"]
[White "Kulik, Nicolas"]
[Black "Rodriguez Farias, Eduardo"]
[Result "1-0"]
[WhiteElo "1657"]
[BlackElo "1963"]
[PlyCount "47"]
[EventDate "2021.08.20"]
[EventType "swiss"]
[EventRounds "5"]
[EventCountry "URU"]
[SourceTitle "CBM 204 Extra"]
[Source "ChessBase"]
[SourceDate "2021.11.30"]
[SourceVersion "1"]
[SourceVersionDate "2021.11.30"]
[SourceQuality "1"]

1. e4 c5 2. Nf3 Nc6 3. d4 cxd4 4. Nxd4 Nf6 5. Nc3 e5 6. Ndb5 d6 7. Bg5 a6 8. Na3 b5 9. Nd5 Qa5+ 10. Bd2 Qd8 11. Bg5 Be7 12. Bxf6 Bxf6 13. c3 Ne7 14. Nc2 Nxd5 15. Qxd5 Ra7 16. Rd1 0-0 17. Nb4 Bb7 18. Qxd6 Qxd6 19. Rxd6 Bxe4 20. Rxa6 Rd7 21. Bxb5 Bxg2 22. Rg1 Rb7 23. Rxg2 Rxb5 24. Rxf6 1-0

[Event "Montevideo Trebejos op 08"]
[Site "Montevideo"]
[Date "2021.08.22"]
[Round "5"]
[White "Rodriguez Farias, Eduardo"]
[Black "Ramos Correa, Gabriel"]
[Result "1-0"]
[WhiteElo "1963"]
[BlackElo "1841"]
[PlyCount "97"]
[EventDate "2021.08.20"]
[EventType "swiss"]
[EventRounds "5"]
[EventCountry "URU"]
[SourceTitle "CBM 204 Extra"]
[Source "ChessBase"]
[SourceDate "2021.11.30"]
[SourceVersion "1"]
[SourceVersionDate "2021.11.30"]
[SourceQuality "1"]

1. e4 c5 2. Nf3 d6 3. c3 Nf6 4. Bd3 Bg4 5. h3 Bxf3 6. Qxf3 Nc6 7. Bc2 g6 8. d3 Bg7 9. 0-0 0-0 10. Be3 Rc8 11. a3 b6 12. Ba4 Ne5 13. Qe2 c4 14. d4 Ned7 15. Nd2 a6 16. Bxd7 Qxd7 17. Nxc4 Qb5 18. b3 Qxb3 19. Nd2 Qa4 20. c4 Nd7 21. Rfb1 Qc6 22. Qd3 Qc7 23. Rc1 Rb8 24. Rab1 Rfc8 25. Nb3 e5 26. c5 bxc5 27. dxc5 Nxc5 28. Nxc5 Rxb1 29. Qxb1 dxc5 30. Rxc5 Qd7 31. Rd5 Qa4 32. Qb7 Qc4 33. Rd7 Bf8 34. Rxf7 Qxf7 35. Qxc8 Kg7 36. Qxa6 Qb3 37. a4 Qb1+ 38. Kh2 Qxe4 39. Qb5 Qf5 40. a5 Bd6 41. Qd5 Bc7 42. Qb7 Qf7 43. a6 e4+ 44. Kh1 Qd7 45. Bd4+ Kh6 46. Qxe4 g5 47. a7 Qd6 48. g3 Qa6 49. Kg2 1-0

[Event "Montevideo Trebejos op 08"]
[Site "Montevideo"]
[Date "2021.08.21"]
[Round "3"]
[White "Rodriguez Farias, Eduardo"]
[Black "Topolansky, Juan"]
[Result "0-1"]
[WhiteElo "1963"]
[BlackElo "1747"]
[PlyCount "76"]
[EventDate "2021.08.20"]
[EventType "swiss"]
[EventRounds "5"]
[EventCountry "URU"]
[SourceTitle "CBM 204 Extra"]
[Source "ChessBase"]
[SourceDate "2021.11.30"]
[SourceVersion "1"]
[SourceVersionDate "2021.11.30"]
[SourceQuality "1"]

1. e4 e6 2. d4 d5 3. e5 c5 4. c3 Nc6 5. Nf3 Bd7 6. Be2 f6 7. 0-0 fxe5 8. Nxe5 Nxe5 9. dxe5 Qc7 10. Bf4 0-0-0 11. a4 Ne7 12. Bd3 Nc6 13. Re1 Be7 14. h3 g5 15. Bg3 h5 16. Na3 Rdg8 17. Nb5 Qd8 18. b4 c4 19. Be2 Qe8 20. Bf3 Qg6 21. Nd4 g4 22. Bxd5 exd5 23. e6 Be8 24. Nxc6 bxc6 25. Qd4 h4 26. Be5 gxh3 27. g3 hxg3 28. Bxg3 Bd6 29. Re5 Rh4 30. Qxa7 Bxe5 31. Qa8+ Kc7 32. Qa7+ Kd8 33. e7+ Kc8 34. Qa8+ Kd7 35. Qd8+ Ke6 36. Re1 Re4 37. Rxe4 Qxe4 38. Qc8+ Kxe7 0-1

[Event "Montevideo Trebejos Grand Prix"]
[Site "Montevideo"]
[Date "2020.02.03"]
[Round "5"]
[White "Rodriguez Farias, Eduardo"]
[Black "Saralegui Cassan, Mario"]
[Result "0-1"]
[WhiteElo "1963"]
[BlackElo "2010"]
[PlyCount "34"]
[EventDate "2020.01.20"]
[EventType "swiss"]
[EventRounds "5"]
[EventCountry "URU"]
[SourceTitle "CBM 195 Extra"]
[Source "ChessBase"]
[SourceDate "2020.05.31"]
[SourceVersion "1"]
[SourceVersionDate "2020.05.31"]
[SourceQuality "1"]

1. e4 e5 2. Nf3 Nc6 3. Bc4 Nf6 4. Ng5 d5 5. exd5 Na5 6. Bb5+ c6 7. dxc6 bxc6 8. Bd3 Ng4 9. Ne4 f5 10. Be2 h5 11. h3 fxe4 12. hxg4 Bc5 13. b4 Bxf2+ 14. Kxf2 Qd4+ 15. Kg3 h4+ 16. Kh2 h3 17. Nc3 Qf2 0-1

[Event "Montevideo Trebejos Grand Prix"]
[Site "Montevideo"]
[Date "2020.01.27"]
[Round "3"]
[White "Carbone, Diego"]
[Black "Rodriguez Farias, Eduardo"]
[Result "1-0"]
[WhiteElo "2239"]
[BlackElo "1963"]
[PlyCount "59"]
[EventDate "2020.01.20"]
[EventType "swiss"]
[EventRounds "5"]
[EventCountry "URU"]
[SourceTitle "CBM 195 Extra"]
[Source "ChessBase"]
[SourceDate "2020.05.31"]
[SourceVersion "1"]
[SourceVersionDate "2020.05.31"]
[SourceQuality "1"]

1. c4 Nf6 2. g3 c5 3. Bg2 d5 4. cxd5 Nxd5 5. Nc3 Nc7 6. Nf3 Nc6 7. 0-0 e5 8. a3 Be7 9. b4 cxb4 10. axb4 Bxb4 11. Nxe5 0-0 12. Nxc6 bxc6 13. Bxc6 Bh3 14. Bxa8 Qxa8 15. f3 Bxf1 16. Kxf1 Rd8 17. Qb3 a5 18. Ne4 Ne6 19. d3 Nd4 20. Qc4 Qc8 21. Qxc8 Rxc8 22. Bf4 f5 23. Nd2 Rc2 24. Be3 Bc3 25. Ra4 Rc1+ 26. Kf2 Nc2 27. Rc4 Bb4 28. Bf4 a4 29. Nf1 a3 30. Bxc1 1-0